书目信息 |
| 题名: |
你不可不知道的音乐大师及其名作
|
|
| 作者: | 许丽雯 主编 | |
| 分册: | ||
| 出版信息: | 海口 南海出版公司 2005.01 |
|
| 页数: | 623页 | |
| 开本: | 22cm | |
| 丛书名: | ||
| 单 册: | ||
| 中图分类: | J605.5 | |
| 科图分类: | J605.5 | |
| 主题词: | 音乐学 , 音乐社会学 , 音乐家-生平事迹-西方国家--艺术理论 | |
| 电子资源: | ||
| ISBN: | 7-5442-2965-3 | |
| 000 | 00696nam0 2200229 450 | |
| 001 | 0634248108 | |
| 005 | 20061011103319.76 | |
| 010 | @a7-5442-2965-3@dCNY 39.80 | |
| 100 | @a20060825d2005 km y0chiy0120 ea | |
| 101 | 0 | @achi |
| 102 | @aCN@b460000 | |
| 200 | 1 | @a你不可不知道的音乐大师及其名作@Ani bu ke bu zhi dao de yin yue da shi ji qi ming zuo@f(台湾)许丽雯主编@F(tai wan)xu li wen zhu bian |
| 210 | @a海口@c南海出版公司@d2005.01 | |
| 215 | @a623页@d22cm | |
| 606 | 0 | @a音乐学 |
| 606 | 0 | @a音乐社会学 |
| 606 | 0 | @a音乐家-生平事迹-西方国家@x艺术理论 |
| 690 | @aJ605.5@v4 | |
| 692 | @aJ605.5 | |
| 701 | 0 | @a许丽雯@Axu li wen@4主编 |
| 801 | 0 | @aCN@c20061011 |
| 905 | @apdsgxy@dJ605.5@eX877 | |
| 你不可不知道的音乐大师及其名作/(台湾)许丽雯主编.-海口:南海出版公司,2005.01 |
| 623页;22cm |
| ISBN 7-5442-2965-3:CNY 39.80 |
| ● |
| 相关链接 |
|
|
|
正题名:你不可不知道的音乐大师及其名作
索取号:J605.5/X877
 
预约/预借
| 序号 | 登录号 | 条形码 | 馆藏地/架位号 | 状态 | 备注 |
| 1 | 609756 | 206097560 | 社科库309/309社科库 91排3列5层/ [索取号:J605.5/X877] | 在馆 | |
| 2 | 609757 | 206097579 | 社科库309/309社科库 91排3列5层/ [索取号:J605.5/X877] | 在馆 | |
| 3 | 609758 | 206097588 | 社科库309/309社科库 91排3列5层/ [索取号:J605.5/X877] | 在馆 |